The Lion King Characters - Statistics

General Stats
  • This quiz has been taken 226 times
  • The average score is 17 of 52
Answer Stats
The Lion King The Lion King's Timon & Pumbaa The Lion King 1 1/2 The Lion King 2 The Lion Guard Species Description Character % Correct
X X X X Lion The son of Mufasa and Sarabi, Scar's nephew, and Nala's husband Simba
99%
X X X X X Meerkat A meerkat who is friends with Pumbaa Timon
98%
X X X X Lioness Simba's wife and childhood best friend Nala
97%
X X X X X Warthog A big brown warthog who farts and is friends with Timon Pumbaa
97%
X X (Cameo) X (Cameo) X (Cameo Lion The younger brother of Mufasa, brother-in-law of Sarabi, and the uncle of Simba Scar
97%
X X X X Lion The late King of the Pride Lands, Sarabi's late husband, Simba's father, Scar's older brother, and Nala's father in law Mufasa
93%
X X (Cameo) Lioness Late Mufasa's wife, Simba's mother, and Nala's mother-in-law Sarabi
93%
X X X X X Red-billed Hornbill The majordomo to Mufasa and later Simba Zazu
82%
X X X X (Mentioned) Hyena The dumbest and only communicates through crazy laughter Ed
81%
X X X X X Mandrill The shaman of the Pride Lands Rafiki
79%
X X X X (Mentioned) Hyena The only female of the trio Shenzi
70%
X X X X (Mentioned) Hyena The most aggressive of the trio Banzai
66%
X X Lioness The daughter of Simba and Nala's, the granddaughter of Mufasa, Sarabi, and Sarafina, and the great niece of Scar Kiara
56%
X X Lion Zira's youngest son, Nuka and Vitani's younger brother, Kiara's mate, Simba's approve cousin and son-in-law, Lion's brother-in-law, and Scar's approve soon and chosen heir Kovu
52%
X Lion The son of Simba and Nala, the younger brother of Kiara, the grandson of Mufasa, Sarabi, and Sarafina, the great-nephew of Scar, and the leader of The Lion Guard Kion
47%
X Lioness The mother of Kovu, Nuka, and Vitani Zira
47%
X X Lioness Zira's only daughter and the sister of Kovu and Nuka Vitani
46%
X X Lion Zira's son and the older brother of Kovu and Vitani Nuka
45%
X Lioness Nala's mother and Simba's mother-in-law Sarafina
42%
X Meerkat Timon's mother and Bunga's approve great-aunt Ma
38%
X Honey Badger Kion's best friend and the bravest member of the Lion Guard Bunga
31%
X Spotted Hyena The cunning teenage leader of the hyenas Janja
27%
X Meerkat A relative of Timon and Ma Uncle Max
24%
X Cheetah One of Kion's friends and the fastest member of the Lion Guard, as well as the only female on the team Fuli
18%
X Cattle Egret One of Kion's friends and the keenest of sight of the Lion Guard Ono
17%
X Spotted Hyena A friendly female speed hyena who is an ally of Kion Jasiri
15%
X Nile Crocodile A Nile crocodile who leads the fleet after defeating Pua in a battle Makuu
15%
X Nile Crodile A Nile crocodile who led the fleet until he was defeated by Makuu in a masindano Pua
15%
X Lioness A lioness cub and one of Kiara's friends Zuri
14%
X Hippopotamus One of Kion's friends and the strongest member of the Lion Guard Beshte
13%
X Spotted Hyena A crazed-looking member of the hyena clan Cheezi
12%
X Lioness A lioness cub and one of Kiara's friends Tiifu
12%
X Spotted Hyena A hyena with a slightly heavier build Chungu
9%
X Egyptian Cobra An Egyptian cobra Ushari
6%
X Hippopotamus Beshti's father and leader of the herd of hippos Basi
4%
X Ruppell's Vulture One of Janja's majordomo of the Outlands Mzingo
4%
X Black-backed Jackal A clever and scheming black-backed jackal who attends havoc Reirei
4%
X Meerkat The daughter of Duke Meerkat and the princess of the meerkat colony Tatiana
4%
X Meerkat Timon's old meerkat friend at the meerkat colony Fred
3%
X Snail A talking grayish/bluish Snail with a shiny red shell and a yellow fedora Speedy
3%
X Cheetah A twin cheetah Cheetata
2%
X Cheetah A twin cheetah Cheetato
2%
X Bluebird A cute, yet dangerous bluebird Little Jimmy
2%
X African Elephant A high and mighty elephant who thinks he's wonderful at everything Ned the Elephant
2%
X Human A sneaky, muscular guy with black hair, a pink nose, and a shaven face Quint
2%
X Toco Toucan A dangerously clever criminal mastermind lying toucan who wears a red fez Toucan Dan
2%
X North American Beaver An ill-tempered beaver with a white hard hat Boss Beaver
1%
X Adelie Penguin A clumsy, accident prone penguin with a green scarf and a brown hat Irwin
1%
X Hare A large and tall pink Bunny who's annoying, obnoxious, and very tiring Rabbit
1%
X Grizzly Bear A short-tempered but nice grizzly bear Smolder the Bear
1%
X Ruppell's Vultures Some police that arrest Timon & Pumbaa numerous times Vulture Police
1%
X Humans A trio of tribes who are really university students The Three Natives
0%
No matching quizzes found
Score Distribution
Percent of People with Each Score
Percentile by Number Answered
Your Score History
You have not taken this quiz